000 00508nam a2200181Ia 4500
008 230917s9999||||xx |||||||||||||| ||und||
020 _cRS679
040 _e244644
_aMAIN
041 _aEnglish
082 _a658.472 S23B(3)
100 _aSharda, Ramesh
245 0 _aBusiness intelligence: A managerial perspective on analytics
250 _a3rd ed.
260 _aNoida
_bPearson India Education
_c2017
300 _a410 p.
500 _a3003 08/01/2018 HBD18/7183 27/01/2018 Main Budget
942 _cBK
999 _c25294
_d25294